000 00546 a2200193 4500
005 20260102120412.0
008 260102b |||||||| |||| 00| 0 eng d
020 _a9789393322708
_cRs. 700.00
040 _aMAIN
082 _a362.4
_bS69D
100 _aShivaji Kumar
245 _aDivyangata ke liye navachar: Apps, software aur upkaran
260 _bKanishka Publishing House
_c2025
_aNew Delhi
300 _axviii, 174
650 _aDisability
650 _aRehabilitation Sciences
650 _aInnovation for Disability
942 _cBK
999 _c393811
_d393811